000 00369 a2200133 4500
999 _c321260
_d321260
001 86187
003 NUST
005 20180122091752.0
008 180122b xxu||||| |||| 00| 0 eng d
020 _a9780374128951
082 _a968.06092 MAN
100 _aNelson Mandela
_99416
245 _aNelson Mandela :Conversations with myself
_cNelson Mandela
260 _aNew York
_bFarrar, Straus and Giroux
_c2010
300 _axxi, 454 p.
942 _acaenust
_k968.06092 MAN
_cBK
_2ddc